| 000 | 00414nam a22001577a 4500 | ||
|---|---|---|---|
| 020 | _a9789692208017 | ||
| 082 |
_a297.4 _bAZE |
||
| 100 | _aAzeemi, Khawaja Shams Ul Deen | ||
| 245 | _aIsm-e-Azzam | ||
| 260 |
_aKarachi : _bAzeemi University Press, _c2021. |
||
| 300 |
_a184 p. ; _c22 cm. |
||
| 563 | _aHBK. | ||
| 650 |
_aIslam-Essays _9111972 |
||
| 880 |
_6245-02\r _aاسم اعظم |
||
| 942 |
_2ddc _cBK |
||
| 999 |
_c595019 _d595019 |
||